000 00208nam a2200085Ia 4500
008 170617s9999 xx 000 0 und d
100 _aJacab annamma
245 0 _aMaternal & neonatal nursing care plans
260 _bJaypee
260 _c2009
999 _c13016
_d13016